| 000 | 00614nam a22002417a 4500 | ||
|---|---|---|---|
| 005 | 20171218104154.0 | ||
| 008 | 171218b xxu||||| |||| 00| 0 spa d | ||
| 041 | _aspa | ||
| 082 | _a972.860.1 B737t | ||
| 100 |
_aVillalobos, Victoria _945198 |
||
| 100 |
_aBorge, Carlos _945199 |
||
| 245 | _aTalamanca en la encrucijada | ||
| 260 | _aCosta Rica | ||
| 260 | _bEUNED | ||
| 260 | _c1994 | ||
| 300 | _a140 páginas | ||
| 650 |
_aCOSTA RICA _945200 |
||
| 650 |
_aINDIOS DE COSTA RICA _97570 |
||
| 650 |
_aINDIOS DE TALAMANCA _945194 |
||
| 650 |
_aLIMÓN _94425 |
||
| 650 |
_aHISTORIA _943 |
||
| 942 | _cBK | ||
| 999 |
_c10197 _d10197 |
||